| 000 | 00592nmm a2200229 a 4500 | ||
|---|---|---|---|
| 003 | AR-BaBNM | ||
| 005 | 20251128211632.0 | ||
| 008 | 175020s1999 ||||||||||||||000 | spa|| | ||
| 020 | _a0 19 442168 6 | ||
| 040 | _cAR-BaBNM | ||
| 100 | 1 | _aHadfield, Jill | |
| 245 | 1 | 0 |
_aOxford basic _bsimple listening activities |
| 260 |
_aOxford _bOxford University Press _c1999 |
||
| 300 | 0 |
_a67 p. _btablas |
|
| 650 | 4 | _aEJERCICIOS DE APRENDIZAJE | |
| 650 | 4 | _aACTIVIDADES ESCOLARES | |
| 650 | 4 | _aINGLES | |
| 650 | 4 | _aCANCIONES | |
| 700 | 1 | _aHadfield, Charles | |
| 942 | _cBK | ||
| 998 | _cEugenia | ||
| 999 |
_c20526 _d20526 |
||